<?xml version="1.0" encoding="UTF-8"?>
<record
    xmlns:xsi="http://www.w3.org/2001/XMLSchema-instance"
    xsi:schemaLocation="http://www.loc.gov/MARC21/slim http://www.loc.gov/standards/marcxml/schema/MARC21slim.xsd"
    xmlns="http://www.loc.gov/MARC21/slim">

  <leader>00550nam a22001817a 4500</leader>
  <controlfield tag="003">0</controlfield>
  <controlfield tag="005">20231206125911.0</controlfield>
  <controlfield tag="008">231206b        xxu||||| |||| 00| 0 eng d</controlfield>
  <datafield tag="020" ind1=" " ind2=" ">
    <subfield code="a">978-971-0495-63-4</subfield>
  </datafield>
  <datafield tag="050" ind1=" " ind2=" ">
    <subfield code="a">FIC</subfield>
    <subfield code="b">Sim592 2008</subfield>
  </datafield>
  <datafield tag="082" ind1=" " ind2=" ">
    <subfield code="a">FIC</subfield>
    <subfield code="b">Sim592 2008</subfield>
  </datafield>
  <datafield tag="100" ind1=" " ind2=" ">
    <subfield code="a">Simmons, Andrew</subfield>
  </datafield>
  <datafield tag="245" ind1=" " ind2=" ">
    <subfield code="a">Tomo 1 : I was an eight-grade ninja</subfield>
    <subfield code="c">Andrew Simmons</subfield>
  </datafield>
  <datafield tag="260" ind1=" " ind2=" ">
    <subfield code="a">Mandaluyong City</subfield>
    <subfield code="b">OMF Literature Inc. </subfield>
    <subfield code="c">c2008.</subfield>
  </datafield>
  <datafield tag="300" ind1=" " ind2=" ">
    <subfield code="a">unnumbered pages :</subfield>
    <subfield code="b">black and white illustrations ; </subfield>
    <subfield code="c">19cm. </subfield>
  </datafield>
  <datafield tag="650" ind1=" " ind2=" ">
    <subfield code="a">Graphic novels. </subfield>
  </datafield>
  <datafield tag="942" ind1=" " ind2=" ">
    <subfield code="2">ddc</subfield>
    <subfield code="c">BK</subfield>
  </datafield>
  <datafield tag="999" ind1=" " ind2=" ">
    <subfield code="c">365721</subfield>
    <subfield code="d">365721</subfield>
  </datafield>
  <datafield tag="952" ind1=" " ind2=" ">
    <subfield code="0">0</subfield>
    <subfield code="1">0</subfield>
    <subfield code="2">ddc</subfield>
    <subfield code="4">0</subfield>
    <subfield code="a">MU</subfield>
    <subfield code="b">MU</subfield>
    <subfield code="c">FIC</subfield>
    <subfield code="d">2023-12-06</subfield>
    <subfield code="e">Library Fund</subfield>
    <subfield code="k">FIC</subfield>
    <subfield code="l">0</subfield>
    <subfield code="o">FIC Sim592 2008</subfield>
    <subfield code="p">M8439</subfield>
    <subfield code="r">2023-12-06 00:00:00</subfield>
    <subfield code="w">2023-12-06</subfield>
    <subfield code="y">BK</subfield>
  </datafield>
</record>
